Dears encyclopedia of child health

Bibliographic Details
Main Author: Stanway, Andrew
Other Authors: Stanway, Penny
Format: Book
Published: London : Sphere Book , 1979
Subjects:

MARC

LEADER 00000cam a2200000 7i4500
001 0000005298
002 000005723
005 20000330.0
020 |a 0722181019 
090 0 0 |a 649.1   |b STA 
100 1 |a Stanway, Andrew   |f Drs 
245 1 0 |a Dears encyclopedia of child health   |c Drs Andrew and Penny Stanway 
260 |a London :   |b Sphere Book ,   |c 1979 
300 |a 234p. ;   |c 24cm. 
650 0 0 |a Children   |x Health and hygiene 
700 1 |a Stanway, Penny 
999 |a 037712   |b BUKU   |c PINJAMAN   |e PERPUSTAKAAN KOMUNITI PETALING JAYA